Dora saves the day / (Record no. 22164)

MARC details
000 -LEADER
fixed length control field 00777nam a22002297a 4500
008 - FIXED-LENGTH DATA ELEMENTS--GENERAL INFORMATION
fixed length control field 090120t xxu||||| |||| 00| 0 eng d
020 ## - INTERNATIONAL STANDARD BOOK NUMBER
Terms of availability 200.00
International Standard Book Number 9788128614453
037 ## - SOURCE OF ACQUISITION
Source of stock number/acquisition Blueberry Books
040 ## - CATALOGING SOURCE
Original cataloging agency DPL
Language of cataloging English
082 ## - DEWEY DECIMAL CLASSIFICATION NUMBER
Classification number S
100 ## - MAIN ENTRY--PERSONAL NAME
Personal name Valdaes, Leslie
245 ## - TITLE STATEMENT
Title Dora saves the day /
Statement of responsibility, etc by Leslie Valdas ; illustrated by Robert Roper
260 ## - PUBLICATION, DISTRIBUTION, ETC. (IMPRINT)
Place of publication, distribution, etc New Delhi
Name of publisher, distributor, etc Wisdom Tree
Date of publication, distribution, etc 2008
270 ## - ADDRESS
Address 4779/23, Ansari Road, Darya Ganj
City New Delhi
Postal code 110 002
300 ## - PHYSICAL DESCRIPTION
Extent unpaged.
Dimensions 23cm.
Other physical details ill.
500 ## - GENERAL NOTE
General note 4 stories in 1 book
650 ## - SUBJECT ADDED ENTRY--TOPICAL TERM
Topical term or geographic name as entry element Stories
700 ## - ADDED ENTRY--PERSONAL NAME
Personal name Roper, Robert
942 ## - ADDED ENTRY ELEMENTS (KOHA)
Source of classification or shelving scheme Dewey Decimal Classification
Item type Children Books
Classification part S
Call number suffix VAL
Holdings
Withdrawn status Lost status Source of classification or shelving scheme Damaged status Not for loan Collection code Home library Current library Date acquired Cost, normal purchase price Total Checkouts Full call number Date last seen Copy number Cost, replacement price Koha item type
    Dewey Decimal Classification   Ordered Fiction Andrews Gunj Andrews Gunj 22/01/2009 200.00   S VAL 22/01/2009 1 200.00 Children Books

© Delhi Public Library
Hit Counter
free hit counter